[Event "Hamburger Schachverband 1-LSV Sachsen-A"]
[Site "?"]
[Date "2012.09.12"]
[Round "3.31"]
[White "Swoboda, Peter"]
[Black "Engelbert, Christoph"]
[Result "0-1"]
[WhiteElo "1863"]
[BlackElo "2062"]
[PlyCount "44"]
[EventDate "2012.??.??"]
[WhiteTeam "LSV Sachsen-Anhalt 2"]
[BlackTeam "Hamburger Schachverband 1"]

1. d4 g6 2. c4 Bg7 3. Nf3 d6 4. Nc3 Bg4 5. e3 c5 6. Be2 cxd4 7. Nxd4 Bxe2 8.
Ndxe2 Nc6 9. O-O Nf6 10. b3 O-O 11. Bb2 a6 12. Qd2 Qa5 13. a3 Rfc8 14. b4 Qd8
15. f4 Na7 16. Qd3 Qc7 17. Nd5 Nxd5 18. Bxg7 Qxc4 19. Qxc4 Rxc4 20. Bd4 Nb5 21.
Kf2 Nxd4 22. Nxd4 Nxf4 0-1

[Event "Hamburger Schachverband 1-LSV Sachsen-A"]
[Site "?"]
[Date "2012.09.12"]
[Round "3.32"]
[White "Kirschneck, Erich"]
[Black "Reinemann, Guenter"]
[Result "1/2-1/2"]
[WhiteElo "2045"]
[BlackElo "1813"]
[PlyCount "60"]
[EventDate "2012.??.??"]
[WhiteTeam "Hamburger Schachverband 1"]
[BlackTeam "LSV Sachsen-Anhalt 2"]

1. c4 Nf6 2. Nc3 g6 3. e4 d6 4. d4 Bg7 5. f3 e5 6. d5 O-O 7. Be3 Nh5 8. Qd2 f5
9. Bg5 Bf6 10. Bxf6 Nxf6 11. Bd3 fxe4 12. Nxe4 Nxe4 13. Bxe4 Bf5 14. Bxf5 Rxf5
15. g3 Nd7 16. O-O-O a5 17. h4 a4 18. Qe2 Qf8 19. Rh2 Nc5 20. Kb1 Re8 21. Qe3
Qg7 22. Re2 Ref8 23. b4 axb3 24. axb3 e4 25. f4 Ra8 26. Ra2 Rxa2 27. Kxa2 Rf8
28. Qd4 Ra8+ 29. Kb2 Nd3+ 30. Kc3 Qe7 1/2-1/2

[Event "Schachbund Rheinland-Pfalz 1-Berliner S"]
[Site "?"]
[Date "2012.09.12"]
[Round "3.33"]
[White "Burger, Heinrich"]
[Black "Krieger, Hermann"]
[Result "0-1"]
[WhiteElo "2060"]
[BlackElo "2133"]
[PlyCount "62"]
[EventDate "2012.??.??"]
[WhiteTeam "Berliner Schachverband 3"]
[BlackTeam "Schachbund Rheinland-Pfalz 1"]

1. Nf3 f5 2. d3 d6 3. e4 Nc6 4. Nc3 e5 5. exf5 Bxf5 6. d4 Nf6 7. Bb5 exd4 8.
Nxd4 Bd7 9. O-O Be7 10. Bc4 Nxd4 11. Qxd4 c6 12. Bg5 d5 13. Bxf6 Bxf6 14. Rfe1+
Kf7 15. Bxd5+ cxd5 16. Qxd5+ Kg6 17. Qxb7 Bf5 18. Nd5 Re8 19. Ne3 Be4 20. Qa6
Qb6 21. Qa4 Qc6 22. Qa3 Rab8 23. c3 Qb7 24. b4 Rbd8 25. Rad1 Rxd1 26. Rxd1 Rd8
27. Rxd8 Bxd8 28. c4 Be7 29. c5 Bxc5 30. bxc5 Qb1+ 31. Nf1 Bd3 0-1

[Event "Schachbund Rheinland-Pfalz 1-Berliner S"]
[Site "?"]
[Date "2012.09.12"]
[Round "3.34"]
[White "Kelchner, Hans"]
[Black "Shapiro, Yosip"]
[Result "0-1"]
[WhiteElo "2073"]
[BlackElo "1952"]
[PlyCount "110"]
[EventDate "2012.??.??"]
[WhiteTeam "Schachbund Rheinland-Pfalz 1"]
[BlackTeam "Berliner Schachverband 3"]

1. d4 Nf6 2. Nf3 g6 3. Bf4 Bg7 4. e3 O-O 5. Be2 d6 6. c4 Nc6 7. Nc3 Bf5 8. Rc1
Ne4 9. Nxe4 Bxe4 10. O-O e5 11. Bg3 exd4 12. Nxd4 Nxd4 13. exd4 Qf6 14. c5 dxc5
15. Be5 Qg5 16. Bf3 Bxe5 17. dxe5 Rad8 18. h4 Qxh4 19. Qe1 Bxf3 20. gxf3 b6 21.
Qe3 Rd4 22. Kg2 Re8 23. Rfe1 Qf4 24. Rc2 Kg7 25. Qxf4 Rxf4 26. Kg3 g5 27. b3
Kg6 28. Rce2 Re6 29. Rd1 Re7 30. Rde1 Kf5 31. Rd1 h5 32. Rd8 h4+ 33. Kg2 Rd4
34. Rf8 Kg6 35. Rg8+ Kh6 36. Rf8 Kg7 37. Rc8 a5 38. Re3 a4 39. Ra8 axb3 40.
axb3 Rd5 41. Rc8 Kg6 42. f4 gxf4 43. Rh3 Rdxe5 44. Rxh4 Re4 45. Kf3 Rb4 46.
Rg8+ Kf5 47. Rh5+ Ke6 48. Rg1 Rxb3+ 49. Kxf4 Kd7 50. Rc1 Re2 51. Rd1+ Kc6 52.
Rf1 Rd3 53. Rf5 Re7 54. Rc1 Rd5 55. Rf6+ Kb7 0-1

[Event "Schachbund Rheinland-Pfalz 1-Berliner S"]
[Site "?"]
[Date "2012.09.12"]
[Round "3.35"]
[White "Glatthor, Thomas"]
[Black "Freise, Helmut"]
[Result "0-1"]
[WhiteElo "1944"]
[BlackElo "2121"]
[PlyCount "62"]
[EventDate "2012.??.??"]
[WhiteTeam "Berliner Schachverband 3"]
[BlackTeam "Schachbund Rheinland-Pfalz 1"]

1. Nf3 d5 2. g3 Nf6 3. Bg2 Bg4 4. h3 Bh5 5. d3 c6 6. O-O e6 7. Bf4 Nbd7 8. c3
Qb6 9. Qc2 h6 10. Nbd2 g5 11. Be3 Qa6 12. Rfe1 e5 13. b4 Bg6 14. Nh2 Bg7 15.
Nb3 O-O 16. Qd2 e4 17. Rad1 Kh7 18. Nc5 Nxc5 19. Bxc5 Rfe8 20. Bd4 Rad8 21. Rf1
Re6 22. f4 gxf4 23. gxf4 exd3 24. exd3 Bf5 25. Be5 Rg8 26. Kh1 Nh5 27. Rf3 Rg6
28. Rf2 Bxh3 29. Nf3 Rxg2 30. Rxg2 Bxg2+ 31. Qxg2 Bxe5 0-1

[Event "Schachbund Rheinland-Pfalz 1-Berliner S"]
[Site "?"]
[Date "2012.09.12"]
[Round "3.36"]
[White "Schowalter, Gerd"]
[Black "Brameyer, Hermann"]
[Result "1/2-1/2"]
[WhiteElo "1761"]
[BlackElo "2085"]
[PlyCount "66"]
[EventDate "2012.??.??"]
[WhiteTeam "Schachbund Rheinland-Pfalz 1"]
[BlackTeam "Berliner Schachverband 3"]

1. e4 c5 2. c4 Nc6 3. Nc3 g6 4. g3 Bg7 5. Bg2 d6 6. Nge2 Nf6 7. d3 O-O 8. O-O
a6 9. a3 Rb8 10. Rb1 Ne8 11. b4 Nc7 12. bxc5 dxc5 13. Nd5 e6 14. Nb6 Qe7 15.
Bb2 Rd8 16. Nxc8 Rdxc8 17. Bxg7 Kxg7 18. f4 Rd8 19. e5 Na5 20. Qe1 b6 21. Qc3
Qd7 22. Be4 Kg8 23. g4 Nc6 24. Rf3 Nd4 25. Nxd4 Qxd4+ 26. Qxd4 Rxd4 27. Rbf1 b5
28. cxb5 axb5 29. f5 c4 30. fxg6 fxg6 31. Rf7 Na6 32. Ra7 Nc5 33. Rff7 Nxe4
1/2-1/2

[Event "Landesschachbund Brandenburg 2-Badische"]
[Site "?"]
[Date "2012.09.12"]
[Round "3.37"]
[White "Villing, Dieter"]
[Black "Troeger, Rainer"]
[Result "1-0"]
[WhiteElo "2075"]
[BlackElo "2034"]
[PlyCount "65"]
[EventDate "2012.??.??"]
[WhiteTeam "Badischer Schachverband 2"]
[BlackTeam "Landesschachbund Brandenburg 2"]

1. e4 c5 2. Nf3 Nc6 3. d4 cxd4 4. Nxd4 Nf6 5. Nc3 d6 6. Bc4 Bd7 7. f3 g6 8. Be3
Bg7 9. Qd2 Ne5 10. Bb3 h5 11. h3 Rc8 12. Qe2 a6 13. f4 Nc6 14. Nf3 Qa5 15.
O-O-O O-O 16. Qf2 Qb4 17. a3 Nxe4 18. axb4 Nxf2 19. Bxf2 Nxb4 20. Rhe1 Bxc3 21.
bxc3 Rxc3 22. Rxe7 Bxh3 23. Rxd6 Bf5 24. Be1 Rxb3 25. cxb3 Nd3+ 26. Kd2 Nxf4
27. Nd4 Bg4 28. g3 Ne6 29. Nxe6 Bxe6 30. Rxb7 Ra8 31. Bf2 Kf8 32. Bd4 Ke8 33.
Bf6 1-0

[Event "Landesschachbund Brandenburg 2-Badische"]
[Site "?"]
[Date "2012.09.12"]
[Round "3.38"]
[White "Nuenchert, Eveline"]
[Black "Hurst, Peter"]
[Result "1/2-1/2"]
[WhiteElo "2005"]
[BlackElo "2103"]
[PlyCount "63"]
[EventDate "2012.??.??"]
[WhiteTeam "Landesschachbund Brandenburg 2"]
[BlackTeam "Badischer Schachverband 2"]

1. e4 d5 2. exd5 Qxd5 3. Nc3 Qa5 4. d4 Nf6 5. Nf3 c6 6. Bc4 Bg4 7. Qe2 Qh5 8.
Bf4 Nbd7 9. O-O-O Bxf3 10. gxf3 Nb6 11. Bb3 Nbd5 12. Nxd5 Nxd5 13. Bg3 g6 14.
Rhe1 e6 15. c4 Bh6+ 16. Kb1 Nf4 17. Qe4 Qf5 18. Bc2 O-O-O 19. Qe3 Qf6 20. Qa3
Kb8 21. Re4 Ka8 22. d5 cxd5 23. cxd5 e5 24. Ra4 Qb6 25. Qe3 Nxd5 26. Qxe5 Rhe8
27. Qd4 Bg5 28. Qxb6 Nxb6 29. Rxd8+ Bxd8 30. Re4 Re7 31. Bb3 f5 32. Rxe7
1/2-1/2

[Event "Landesschachbund Brandenburg 2-Badische"]
[Site "?"]
[Date "2012.09.12"]
[Round "3.39"]
[White "Dekan, Hans"]
[Black "Richter, Hans-Peter"]
[Result "1-0"]
[WhiteElo "2079"]
[BlackElo "1946"]
[PlyCount "55"]
[EventDate "2012.??.??"]
[WhiteTeam "Badischer Schachverband 2"]
[BlackTeam "Landesschachbund Brandenburg 2"]

1. e4 d5 2. exd5 Nf6 3. d4 Nxd5 4. Nf3 Bf5 5. Bd3 Bg4 6. O-O e6 7. c4 Nf6 8.
Be3 Be7 9. Nbd2 O-O 10. Qb3 Nbd7 11. Qxb7 c5 12. Qb3 Qc7 13. Qc2 Rfd8 14. h3
Bh5 15. g4 Bg6 16. Bxg6 hxg6 17. Rfd1 cxd4 18. Nxd4 a6 19. a3 e5 20. N4f3 Nd5
21. Nf1 Nxe3 22. Nxe3 Nb6 23. b4 Rac8 24. c5 Qb7 25. Nxe5 Nd5 26. Qe4 f5 27.
Qc4 Bf6 28. f4 1-0

[Event "Landesschachbund Brandenburg 2-Badische"]
[Site "?"]
[Date "2012.09.12"]
[Round "3.40"]
[White "Nuenchert, Reinhard"]
[Black "Striebich, Rudolf"]
[Result "0-1"]
[WhiteElo "1894"]
[BlackElo "1991"]
[PlyCount "64"]
[EventDate "2012.??.??"]
[WhiteTeam "Landesschachbund Brandenburg 2"]
[BlackTeam "Badischer Schachverband 2"]

1. c4 Nf6 2. g3 g6 3. Bg2 Bg7 4. Nf3 O-O 5. O-O d6 6. d4 Nbd7 7. Nc3 e5 8. dxe5
dxe5 9. e4 c6 10. Qe2 Qc7 11. h3 Nc5 12. Ne1 Ne6 13. Nc2 Nd4 14. Nxd4 exd4 15.
Bf4 Qe7 16. Nd1 Nh5 17. Qd2 Nxf4 18. Qxf4 f5 19. exf5 Bxf5 20. Qd2 Rae8 21. f4
d3 22. Nf2 Qc5 23. g4 Re2 24. Qd1 Be6 25. Qxd3 Bxc4 26. Qg3 Re3 27. Qh4 Bxf1
28. Rxf1 Rxf4 29. Qd8+ Rf8 30. Qd2 Re7 31. Kh1 Ref7 32. Qe2 Rxf2 0-1

[Event "LSV Sachsen-Anhalt 1-Landesschachbund B"]
[Site "?"]
[Date "2012.09.12"]
[Round "3.41"]
[White "Schoene, Armin"]
[Black "Liebert, Heinz"]
[Result "1/2-1/2"]
[WhiteElo "1992"]
[BlackElo "2150"]
[PlyCount "119"]
[EventDate "2012.??.??"]
[WhiteTeam "Landesschachbund Bremen"]
[BlackTeam "LSV Sachsen-Anhalt 1"]

1. e4 c5 2. Nc3 Nc6 3. f4 g6 4. Nf3 Bg7 5. Bb5 Nd4 6. Bd3 d6 7. Nxd4 cxd4 8.
Ne2 e6 9. O-O Ne7 10. c3 dxc3 11. dxc3 O-O 12. Qe1 Bd7 13. Kh1 f5 14. Ng3 d5
15. e5 b5 16. Be3 Qc7 17. Bd4 Rfb8 18. Qf2 Nc8 19. Bc5 Qd8 20. Ne2 Nb6 21. Nd4
a6 22. h3 Bf8 23. Bxf8 Qxf8 24. g4 Na4 25. gxf5 gxf5 26. Rg1+ Kh8 27. Qh4 Nxb2
28. Be2 b4 29. Rac1 Nc4 30. Rg6 Qf7 31. Rcg1 Rg8 32. Rxg8+ Rxg8 33. Rxg8+ Kxg8
34. Qg5+ Kf8 35. Bh5 Qe7 36. Qh6+ Kg8 37. cxb4 Qg7 38. Qxg7+ Kxg7 39. Kg1 Kf8
40. Kf2 Ke7 41. Bd1 Na3 42. Be2 Bb5 43. Bxb5 Nxb5 44. Nc6+ Ke8 45. Nb8 Nc3 46.
a3 Nb5 47. a4 Nc7 48. Ke3 a5 49. b5 Na8 50. Nc6 Nb6 51. Nxa5 Nxa4 52. Kd4 Kd7
53. Nb7 Kc7 54. Nd6 Kb6 55. h4 Ka5 56. Ne8 Nc5 57. Ng7 Kxb5 58. Nh5 Nd7 59. Ng7
Nf8 60. Ne8 1/2-1/2

[Event "LSV Sachsen-Anhalt 1-Landesschachbund B"]
[Site "?"]
[Date "2012.09.12"]
[Round "3.42"]
[White "Neukirch, Detlef"]
[Black "Gerhardt, Peter-Michael"]
[Result "1/2-1/2"]
[WhiteElo "2101"]
[BlackElo "1969"]
[PlyCount "55"]
[EventDate "2012.??.??"]
[WhiteTeam "LSV Sachsen-Anhalt 1"]
[BlackTeam "Landesschachbund Bremen"]

1. e4 d6 2. d4 g6 3. Nc3 Bg7 4. Be3 c6 5. a4 Qc7 6. Qd2 Nd7 7. Nf3 b6 8. Be2
Ngf6 9. O-O O-O 10. Rad1 Bb7 11. Bh6 Rad8 12. Bxg7 Kxg7 13. Rfe1 e5 14. Bf1
Rfe8 15. Qg5 h6 16. Qc1 d5 17. dxe5 Nxe5 18. Nxe5 Rxe5 19. exd5 Rxe1 20. Rxe1
Nxd5 21. Nxd5 Rxd5 22. Qe3 Qd8 23. Qe7 Qd7 24. Bd3 c5 25. h3 Bc6 26. b3 Qxe7
27. Rxe7 Rd7 28. Rxd7 1/2-1/2

[Event "LSV Sachsen-Anhalt 1-Landesschachbund B"]
[Site "?"]
[Date "2012.09.12"]
[Round "3.43"]
[White "Rust-Lux, Klaus"]
[Black "Hamm, Georg"]
[Result "1-0"]
[WhiteElo "1994"]
[BlackElo "2011"]
[PlyCount "77"]
[EventDate "2012.??.??"]
[WhiteTeam "Landesschachbund Bremen"]
[BlackTeam "LSV Sachsen-Anhalt 1"]

1. d4 d6 2. c4 Nd7 3. Nc3 e5 4. Nf3 c6 5. e4 Ngf6 6. Be2 Be7 7. O-O O-O 8. h3
Re8 9. Re1 Bf8 10. Bf1 Qb6 11. d5 c5 12. g3 g6 13. Kh2 Bg7 14. Bd3 Rf8 15. Nh4
Ne8 16. f4 exf4 17. gxf4 Qd8 18. Nf3 f6 19. Qe2 Qe7 20. Bd2 Nc7 21. Rf1 b6 22.
Rae1 Bb7 23. Qg2 Rae8 24. Nd1 a6 25. a4 a5 26. h4 Bc8 27. h5 gxh5 28. Ne3 Nb8
29. Nh4 Kh8 30. Nef5 Qd7 31. Rg1 Rg8 32. Qf3 Re7 33. Qxh5 Rge8 34. Bc3 Rf7 35.
Rxg7 Rxg7 36. Bxf6 Kg8 37. Bxg7 Re7 38. Nh6+ Kxg7 39. Qg5+ 1-0

[Event "LSV Sachsen-Anhalt 1-Landesschachbund B"]
[Site "?"]
[Date "2012.09.12"]
[Round "3.44"]
[White "Liebscher, Helmar"]
[Black "Pundt, Wilfried"]
[Result "0-1"]
[WhiteElo "2004"]
[BlackElo "1796"]
[PlyCount "52"]
[EventDate "2012.??.??"]
[WhiteTeam "LSV Sachsen-Anhalt 1"]
[BlackTeam "Landesschachbund Bremen"]

1. e4 g6 2. d4 Bg7 3. Nc3 d6 4. f4 Nd7 5. Nf3 c5 6. Be3 b6 7. Qd2 Bb7 8. O-O-O
Ngf6 9. e5 Ne4 10. Nxe4 Bxe4 11. Ng5 Bf5 12. Bc4 O-O 13. e6 cxd4 14. Bxd4 Nf6
15. exf7+ Kh8 16. Ne6 Qc8 17. Nxg7 Kxg7 18. Bb3 a5 19. h3 a4 20. Bd5 Ra5 21.
Bc3 Rc5 22. g4 Be6 23. Bxe6 Qxe6 24. g5 Qxa2 25. gxf6+ Kxf7 26. fxe7 Qa1# 0-1

[Event "Schachverband Wuerttemberg 2-LSV Meckle"]
[Site "?"]
[Date "2012.09.12"]
[Round "3.45"]
[White "Wiemer, Juergen"]
[Black "Hottes, Dieter"]
[Result "0-1"]
[WhiteElo "1918"]
[BlackElo "2080"]
[Annotator "Hoppe,Frank"]
[PlyCount "80"]
[EventDate "2012.??.??"]
[WhiteTeam "LSV Mecklenburg-Vorpommern 1"]
[BlackTeam "Schachverband Württemberg 2"]

1. e4 {[%emt 0:00:00]} e6 2. d4 b6 3. Nc3 Bb7 4. Be3 Bb4 5. Bd3 Nf6 6. f3 c5 7.
Nge2 O-O 8. a3 cxd4 9. Bxd4 Be7 10. e5 Nd5 11. Nxd5 Bxd5 12. c4 Bb7 13. O-O Nc6
14. Bc3 Qc7 15. f4 Na5 16. Nd4 f5 17. Qe2 Bc5 18. Rad1 Nc6 19. Bb1 d6 20. Kh1
Bxd4 21. Bxd4 dxe5 22. fxe5 Nxd4 23. Rxd4 Rfd8 24. Rfd1 Rxd4 25. Rxd4 Rd8 26.
Rxd8+ Qxd8 27. h3 Qg5 28. Bd3 Qc1+ 29. Kh2 Qf4+ 30. Kg1 Qd4+ 31. Kh2 Be4 32.
Bxe4 Qxe5+ 33. g3 fxe4 34. Kg2 Qd4 35. b4 g6 36. a4 Kg7 37. g4 g5 38. b5 Kf6
39. Qa2 e3 40. Qe2 Ke5 0-1

[Event "Schachverband Wuerttemberg 2-LSV Meckle"]
[Site "?"]
[Date "2012.09.12"]
[Round "3.46"]
[White "Franck, Rudolf"]
[Black "Alder, Bodo"]
[Result "1/2-1/2"]
[WhiteElo "2064"]
[BlackElo "1952"]
[Annotator "Jaeger,André"]
[PlyCount "63"]
[EventDate "2012.??.??"]
[WhiteTeam "Schachverband Württemberg 2"]
[BlackTeam "LSV Mecklenburg-Vorpommern 1"]

1. d4 d5 2. c4 c6 3. e3 Nf6 4. Nc3 e6 5. a3 Nbd7 6. f4 Ne4 7. Nxe4 dxe4 8. Ne2
f5 9. Nc3 Nf6 10. Be2 Be7 11. O-O O-O 12. b4 a6 13. Qb3 Kh8 14. a4 Qe8 15. Ba3
Bd7 16. a5 Qf7 17. Na4 Rad8 18. Nb6 Be8 19. c5 Nd5 20. Nc4 g5 21. g3 Qg7 22.
Kh1 Bf6 23. Nd6 Rd7 24. Bb2 Bg6 25. Nc4 g4 26. Ne5 Bxe5 27. dxe5 h5 28. Kg2 Kg8
29. Rad1 Rfd8 30. Rd4 Qe7 31. Bc4 Bf7 32. Rfd1 {(=)} 1/2-1/2

[Event "Schachverband Wuerttemberg 2-LSV Mecklen"]
[Site "?"]
[Date "2012.09.12"]
[Round "3.47"]
[White "Jabbusch, Burkhard"]
[Black "Lang, Ferdinand"]
[Result "1-0"]
[WhiteElo "1871"]
[BlackElo "2076"]
[PlyCount "53"]
[EventDate "2012.??.??"]
[WhiteTeam "LSV Mecklenburg-Vorpommern 1"]
[BlackTeam "Schachverband Württemberg 2"]

1. f4 Nf6 2. Nf3 d5 3. d4 e6 4. e3 c5 5. c3 Nc6 6. Bd3 Be7 7. Ne5 O-O 8. Nd2
Bd7 9. O-O c4 10. Bc2 b5 11. Rf3 g6 12. Rh3 Nxe5 13. fxe5 Ne8 14. Qg4 f5 15.
Qe2 a5 16. e4 fxe4 17. Nxe4 dxe4 18. Bxe4 Rf7 19. Bh6 Rc8 20. Rf1 Rxf1+ 21.
Qxf1 Nc7 22. Qf4 Qe8 23. Rf3 Nd5 24. Qg4 b4 25. h4 bxc3 26. bxc3 Qd8 27. Bxg6
1-0

[Event "Schachverband Wuerttemberg 2-LSV Meckle"]
[Site "?"]
[Date "2012.09.12"]
[Round "3.48"]
[White "Raedeker, Bernd"]
[Black "Krueger, Gerhard"]
[Result "1-0"]
[WhiteElo "2059"]
[BlackElo "1882"]
[PlyCount "55"]
[EventDate "2012.??.??"]
[WhiteTeam "Schachverband Württemberg 2"]
[BlackTeam "LSV Mecklenburg-Vorpommern 1"]

1. d4 d5 2. c4 e6 3. Nc3 Nf6 4. Bg5 Nbd7 5. cxd5 exd5 6. e3 Be7 7. Bd3 O-O 8.
Nge2 c6 9. O-O Ne4 10. Bf4 Ndf6 11. Qc2 Nxc3 12. bxc3 Bd6 13. f3 h6 14. Bxd6
Qxd6 15. e4 dxe4 16. fxe4 Qe7 17. Ng3 Bg4 18. Rf4 g5 19. Nf5 Bxf5 20. Rxf5 Rae8
21. Raf1 Nh5 22. Bc4 Nf4 23. g3 Ne6 24. e5 Kg7 25. Rf6 Nd8 26. Qf5 a5 27. a4
Qc7 28. e6 1-0

[Event "Bayerischer Schachbund 2-Hessischer Sch"]
[Site "?"]
[Date "2012.09.12"]
[Round "3.49"]
[White "Niebling, Ferdinand"]
[Black "Muench, Klaus-Norbert"]
[Result "1/2-1/2"]
[WhiteElo "2053"]
[BlackElo "1998"]
[PlyCount "90"]
[EventDate "2012.??.??"]
[WhiteTeam "Hessischer Schachverband 2"]
[BlackTeam "Bayerischer Schachbund 2"]

1. d4 Nf6 2. c4 g6 3. Nc3 Bg7 4. e4 O-O 5. f4 c5 6. dxc5 Qa5 7. Bd3 Na6 8. e5
Ne8 9. Nf3 Nxc5 10. O-O Nxd3 11. Qxd3 d6 12. Nd5 dxe5 13. fxe5 Bg4 14. Bd2 Qa4
15. Nxe7+ Kh8 16. Bc3 Nc7 17. Ng5 Be6 18. b3 Qa3 19. Nd5 Rad8 20. Qg3 Nxd5 21.
cxd5 Rxd5 22. Nxe6 fxe6 23. Rxf8+ Qxf8 24. Re1 Qf5 25. Qf2 Qxf2+ 26. Kxf2 Kg8
27. Re4 b5 28. Rd4 Rxd4 29. Bxd4 a6 30. Ke3 Kf7 31. Ke4 Ke8 32. Bc5 Kd7 33. Kd4
Kc6 34. Be7 Bh6 35. g4 Bd2 36. h3 Be1 37. Bf8 Bf2+ 38. Ke4 Bc5 39. Bh6 Ba3 40.
h4 a5 41. h5 a4 42. hxg6 hxg6 43. Be3 axb3 44. axb3 Bf8 45. Bf2 Bh6 1/2-1/2

[Event "Bayerischer Schachbund 2-Hessischer Sch"]
[Site "?"]
[Date "2012.09.12"]
[Round "3.50"]
[White "Ganslmayer, Herbert"]
[Black "Falk, Thomas"]
[Result "0-1"]
[WhiteElo "1677"]
[BlackElo "2084"]
[PlyCount "37"]
[EventDate "2012.??.??"]
[WhiteTeam "Bayerischer Schachbund 2"]
[BlackTeam "Hessischer Schachverband 2"]

1. d4 Nf6 2. e3 g6 3. Bd3 Bg7 4. f4 O-O 5. Nf3 c5 6. O-O b6 7. Nbd2 Bb7 8. Qe2
d6 9. Bc4 d5 10. Bb3 Ba6 11. c4 Nbd7 12. Ne5 Rc8 13. Rf3 dxc4 14. Ndxc4 cxd4
15. Nxd7 Qxd7 16. Nxb6 Bxe2 17. Nxd7 Nxd7 18. Rf2 d3 19. e4 0-1

[Event "Bayerischer Schachbund 2-Hessischer Sch"]
[Site "?"]
[Date "2012.09.12"]
[Round "3.51"]
[White "Biller, Helmut"]
[Black "Walther, Margareta"]
[Result "1-0"]
[WhiteElo "1975"]
[BlackElo "1485"]
[PlyCount "71"]
[EventDate "2012.??.??"]
[WhiteTeam "Hessischer Schachverband 2"]
[BlackTeam "Bayerischer Schachbund 2"]

1. d4 d5 2. Nf3 e6 3. c4 c6 4. g3 f5 5. Bg2 Nf6 6. O-O Bd6 7. Qc2 O-O 8. Nbd2
Ne4 9. Ne5 Nd7 10. Nd3 Qf6 11. e3 Qh6 12. Re1 Ndf6 13. Nf1 Bd7 14. f3 Ng5 15.
h4 Nf7 16. e4 Qg6 17. e5 Nh5 18. exd6 Nxg3 19. Nf4 Qf6 20. Nxg3 Qxh4 21. Qf2
Rae8 22. c5 Nd8 23. Nf1 Qf6 24. Nd3 g5 25. Ne5 Qg7 26. Nxd7 Qxd7 27. Bxg5 Rf7
28. Bxd8 Qxd8 29. f4 Rg7 30. Re3 Kf7 31. Rg3 Rxg3 32. Nxg3 Rg8 33. Re1 Qf6 34.
Kf1 Qh4 35. Ne4 Qh2 36. Ng5+ 1-0

[Event "DBSB-LSV Mecklenburg-Vorpommern 2"]
[Site "?"]
[Date "2012.09.12"]
[Round "3.53"]
[White "Nauschuetz, Ernst"]
[Black "Riegler, Dieter"]
[Result "1/2-1/2"]
[WhiteElo "1853"]
[BlackElo "2106"]
[PlyCount "104"]
[EventDate "2012.??.??"]
[WhiteTeam "LSV Mecklenburg-Vorpommern 2"]
[BlackTeam "DBSB"]

1. c4 g6 2. g3 Bg7 3. Bg2 d6 4. Nc3 Nf6 5. e4 O-O 6. Nge2 c5 7. O-O Nc6 8. d3
a6 9. Rb1 Rb8 10. a3 Bd7 11. b4 cxb4 12. axb4 b5 13. cxb5 axb5 14. d4 Na7 15.
h3 Nc8 16. Qd3 Ne8 17. f4 Nc7 18. g4 Kh8 19. Be3 Nb6 20. f5 Na4 21. d5 Nxc3 22.
Nxc3 Ra8 23. Bd4 Qb8 24. Bxg7+ Kxg7 25. Qd4+ f6 26. fxg6 hxg6 27. Rf2 Qa7 28.
Ne2 Rfc8 29. Bf1 g5 30. Kg2 Qxd4 31. Nxd4 Ne8 32. Nxb5 Bxb5 33. Bxb5 Rab8 34.
Bc6 Nc7 35. Ra2 Nb5 36. Rc1 Nd4 37. Rc4 Nxc6 38. dxc6 Rb6 39. Ra7 Kf7 40. c7
Ke6 41. Kf3 Kd7 42. Ke3 Rc6 43. Kd4 Rxc4+ 44. Kxc4 e6 45. Kb5 Rxc7 46. Kb6 Rxa7
47. Kxa7 d5 48. exd5 exd5 49. b5 d4 50. b6 d3 51. b7 d2 52. b8=Q d1=Q 1/2-1/2

[Event "DBSB-LSV Mecklenburg-Vorpommern 2"]
[Site "?"]
[Date "2012.09.12"]
[Round "3.54"]
[White "Dobierzin, Olaf"]
[Black "Pamperin, Gerhard"]
[Result "0-1"]
[WhiteElo "2021"]
[BlackElo "1863"]
[Annotator "Jaeger,André"]
[PlyCount "60"]
[EventDate "2012.??.??"]
[WhiteTeam "DBSB"]
[BlackTeam "LSV Mecklenburg-Vorpommern 2"]

1. e4 e6 2. d4 d5 3. e5 c5 4. c3 Nc6 5. Nf3 cxd4 6. cxd4 Bb4+ 7. Nc3 Nge7 8.
Bd3 Nf5 9. O-O Nfxd4 10. Nxd4 Nxd4 11. Qg4 Bxc3 12. bxc3 Nf5 13. Bxf5 exf5 14.
Qxg7 Kd7 15. Qxf7+ Kc6 16. Ba3 Re8 17. c4 d4 18. Bd6 Be6 19. Qh5 Bxc4 20. Qf3+
Kd7 21. Qxb7+ Ke6 22. Rfc1 Bd5 23. Qxh7 Qg5 {(=)} 24. Qh3 Rg8 25. g3 Rh8 26. f4
Qxf4 27. gxf4 Rxh3 28. Rc2 Rg8+ 29. Kf1 Rf3+ 30. Rf2 Bc4+ 0-1

[Event "DBSB-LSV Mecklenburg-Vorpommern 2"]
[Site "?"]
[Date "2012.09.12"]
[Round "3.55"]
[White "Kuehn, Peter"]
[Black "Heinich, Manfred"]
[Result "1-0"]
[WhiteElo "1758"]
[BlackElo "1948"]
[PlyCount "67"]
[EventDate "2012.??.??"]
[WhiteTeam "LSV Mecklenburg-Vorpommern 2"]
[BlackTeam "DBSB"]

1. e4 c5 2. Nf3 Nc6 3. d4 cxd4 4. Nxd4 Nf6 5. Nc3 e5 6. Ndb5 d6 7. Bg5 a6 8.
Na3 b5 9. Nd5 Be7 10. Bxf6 Bxf6 11. c3 Bg5 12. Nc2 Rb8 13. Be2 O-O 14. O-O a5
15. Nce3 Be6 16. Qd3 Ne7 17. Rad1 Bxe3 18. Nxe7+ Qxe7 19. Qxe3 Bxa2 20. Ra1 Qe6
21. f4 exf4 22. Qxf4 a4 23. Bg4 Qc4 24. Rad1 b4 25. Qxd6 bxc3 26. bxc3 Qxe4 27.
Bf5 Qe3+ 28. Kh1 Rb2 29. Bxh7+ Kxh7 30. Qxf8 Qe4 31. Rf3 Rb1 32. Rh3+ Kg6 33.
Rg3+ Kh7 34. Qxg7# 1-0

[Event "DBSB-LSV Mecklenburg-Vorpommern 2"]
[Site "?"]
[Date "2012.09.12"]
[Round "3.56"]
[White "Mueller, Manfred"]
[Black "Micheel, Peter"]
[Result "0-1"]
[WhiteElo "1895"]
[BlackElo "1704"]
[PlyCount "46"]
[EventDate "2012.??.??"]
[WhiteTeam "DBSB"]
[BlackTeam "LSV Mecklenburg-Vorpommern 2"]

1. e4 e6 2. d4 d5 3. Nd2 Nf6 4. e5 Nfd7 5. Bd3 c5 6. c3 Nc6 7. Ne2 Qb6 8. Nf3
cxd4 9. cxd4 Bb4+ 10. Bd2 f6 11. exf6 Nxf6 12. O-O Bd6 13. b3 O-O 14. Re1 Bd7
15. Rc1 Rae8 16. Bc3 e5 17. dxe5 Nxe5 18. Nxe5 Bxe5 19. Rf1 Ng4 20. Nd4 Bxh2+
21. Kh1 Qh6 22. Nf3 Rxf3 23. Qxf3 Bg3+ 0-1

[Event "Schleswig-Holstein 2-Niedersaechischer "]
[Site "?"]
[Date "2012.09.12"]
[Round "3.57"]
[White "Jentsch, Dieter"]
[Black "Boehm, Eckart"]
[Result "0-1"]
[WhiteElo "2024"]
[BlackElo "1963"]
[PlyCount "90"]
[EventDate "2012.??.??"]
[WhiteTeam "Niedersächischer SV 2"]
[BlackTeam "Schleswig-Holstein 2"]

1. e4 Nf6 2. e5 Nd5 3. d4 d6 4. c4 Nb6 5. exd6 exd6 6. Nc3 Nc6 7. Be3 Be7 8.
Bd3 Bf6 9. Nge2 O-O 10. b3 Re8 11. O-O Bg4 12. Qd2 d5 13. Rac1 g6 14. c5 Nc8
15. f3 Be6 16. Bc2 N8e7 17. Ng3 Qd7 18. Nce2 Bf5 19. Nxf5 Nxf5 20. Bf2 Re7 21.
Bxf5 Qxf5 22. Ng3 Qd7 23. b4 a6 24. a4 h5 25. b5 axb5 26. axb5 Nd8 27. Qf4 Bg7
28. Rb1 Ra2 29. Rfd1 Ne6 30. Qh4 f5 31. Be3 Rf7 32. c6 bxc6 33. bxc6 Qxc6 34.
Rb8+ Rf8 35. Rxf8+ Kxf8 36. Rc1 Qb6 37. Kh1 Qb2 38. Qh3 Bxd4 39. Bh6+ Bg7 40.
Bxg7+ Kxg7 41. Re1 Ra1 42. Nxf5+ gxf5 43. Qg3+ Kf7 44. h3 Rxe1+ 45. Qxe1 Nf4
0-1

[Event "Schleswig-Holstein 2-Niedersaechischer "]
[Site "?"]
[Date "2012.09.12"]
[Round "3.58"]
[White "Kracht, Helmut"]
[Black "Hilburt, Leonid"]
[Result "1/2-1/2"]
[WhiteElo "1883"]
[BlackElo "2010"]
[Annotator "Jaeger,André"]
[PlyCount "61"]
[EventDate "2012.??.??"]
[WhiteTeam "Schleswig-Holstein 2"]
[BlackTeam "Niedersächischer SV 2"]

1. e4 e5 2. Nf3 Nc6 3. d4 exd4 4. Nxd4 Bc5 5. Nb3 Bb6 6. a4 a6 7. Nc3 d6 8. Nd5
Ba7 9. Be3 Bxe3 10. Nxe3 Nf6 11. Bd3 Ne5 12. O-O Nfg4 13. Nxg4 Bxg4 14. Be2 Be6
15. Nd4 Bd7 16. f4 Nc6 17. Nxc6 Bxc6 18. Qd4 O-O 19. Bf3 Qd7 20. e5 dxe5 21.
Qxd7 Bxd7 22. Bxb7 Rab8 23. Bxa6 Rxb2 24. Bd3 Rb4 25. fxe5 Re8 26. a5 Rxe5 27.
Rfb1 Rxa5 28. Rxb4 Rxa1+ 29. Kf2 Ra8 30. Rb7 Rc8 31. Ra7 {(=)} 1/2-1/2